Tile Select - Countries - Statistics

General Stats
  • This quiz has been taken 124 times
  • The average score is 25 of 54
Answer Stats
Question Tile Select % Correct
Canada Yes
83%
Canada No
82%
Brazil Yes
82%
India No
77%
India No
73%
Canada Yes
72%
India Yes
71%
India Yes
70%
South Africa No
68%
Brazil No
67%
France Yes
66%
France Yes
63%
France No
62%
New Zealand No
59%
India Yes
58%
New Zealand Yes
58%
South Africa Yes
57%
France No
56%
South Africa No
54%
New Zealand No
54%
New Zealand Yes
51%
Canada Yes
50%
Brazil No
50%
South Africa Yes
50%
New Zealand Yes
50%
South Africa Yes
49%
France No
47%
New Zealand No
47%
India No
46%
Brazil Yes
44%
Brazil No
44%
South Africa No
42%
New Zealand Yes
41%
New Zealand Yes
41%
France Yes
39%
Brazil Yes
39%
Canada No
38%
Canada No
38%
South Africa Yes
36%
France Yes
33%
Brazil Yes
33%
South Africa Yes
32%
Brazil Yes
30%
France Yes
29%
Canada Yes
26%
India Yes
26%
Canada Yes
25%
Canada Yes
25%
India Yes
24%
France Yes
24%
South Africa Yes
19%
India Yes
17%
Brazil Yes
16%
New Zealand Yes
16%
No matching quizzes found
Score Distribution
Percent of People with Each Score
Percentile by Number Answered
Your Score History
You have not taken this quiz